Les meilleurs buteurs en Ligue 1 sur la saison 2023/2024 - Statistiques

Statistiques générales
  • Ce quiz a été pris 67 fois
  • Le résultat moyen est 6 sur 10
Statistiques - réponses
Nombre de Buts Joueurs % Correct
27 Kylian Mbappe
100%
19 Alexandre Lacazette
87%
17 Pierre-Emeric Aubameyang
81%
19 Jonhatan David
73%
16 Wissam Ben Yedder
73%
11 Gonçalo Ramos
49%
13 Georges Mikautadze
40%
10 Arnaud Kalimuendo
38%
11 Terem Moffi
35%
14 Thijs Dallinga
32%
Aucun quiz correspondant
Distribution des résultats
% des personnes avec chaque résultat
Percentile par nombre de réponses
Votre historique - résultats
Vous n’avez pas pris ce quiz